=LDR 00000nam 2200000 4500 =001 INLIS000000000024333 =005 20130612122927 =008 ***********************************Ind** =035 ##$$0010-061300000024333 =041 ##$$a Ind =082 ##$$a 2X0.35 =090 ##$$a 2X0.35, Adl a =100 ##$$a Adlany, H.A.Nazri =245 ##$$a Alquran terjemah indonesia, H.A. Nazri Ndlany =260 ##$$a 2002 $b Jakarta =300 ##$$a 1304 hlm, 28 cm =650 ##$$a Alquran - Terjemahan =850 ##$$a NBPNMAT